| 000 | 00670nam a2200241Ia 4500 | ||
|---|---|---|---|
| 005 | 20250508165149.0 | ||
| 008 | 008 250505s9999 xx 000 0 eng d | ||
| 020 | _a0-07-462421-0 | ||
| 037 | _aTextBook | ||
| 040 |
_aFEDL _beng _cFEDL |
||
| 041 |
_aeng _2eng |
||
| 084 |
_a574.8, DER/R _qFEDL |
||
| 100 | _aDe Robertis E D P | ||
| 245 | 0 | _aCell and molecular biology | |
| 250 | _a8 | ||
| 260 |
_aPhiladelaphia, USA _bLippincott Williams and Wilkins _c2001 |
||
| 300 | _axxix, 734p. | ||
| 365 |
_aINR _b750 |
||
| 546 | _aRSPEE; Indian reprint | ||
| 700 |
_a De Robertis E M F _9780046 |
||
| 942 |
_cTB _h574.8, DER/R |
||
| 999 |
_c1393527 _d1393527 |
||